Historical Figures Named in Beatles Songs - Statistics

General Stats
  • This quiz has been taken 5 times
  • The average score is 6 of 15
Answer Stats
Hint Answer % Correct
Prudence Farrow Dear Prudence
100%
Edgar Allen Poe I Am The Walrus
100%
Pablo Fanque Being for the Benefit of Mr. Kite!
75%
Mao Zedong (x2) Revolution | Revolution 1
50%
Gideon of Manasseh Rocky Raccoon
50%
Harold Wilson Taxman
50%
Robert Freymann Doctor Robert
25%
Walter Raleigh I'm So Tired
25%
Queen Elizabeth II (x2) Mean Mr. Mustard | Penny Lane
25%
Desmond Dekker Ob-La-Di Ob-La-Da
25%
Edward Lear Paperback Writer
25%
Bob Dylan Yer Blues
25%
Doris Day Dig It
0%
Jesus of Nazareth The Ballad of John and Yoko
0%
Charles Hawtrey Two Of Us
0%
No matching quizzes found
Score Distribution
Percent of People with Each Score
Percentile by Number Answered
Your Score History
You have not taken this quiz